000 01386cam a22004454i 4500
003 PE-LiUPU
005 20250731173448.0
008 150616s r 000 0 d
035 _a(Sirsi) a6087
040 _aPE-LiUPU
_bspa
_cPE-LiUPU
_erda
049 _aPRUA
082 0 4 _a221.48
_bR17
_221
100 1 _aRahlfs, Alfred,
_eautor.
245 1 0 _aSeptuaginta.
264 1 _aStuttgart :
_bDeutsche Bibelgesellschaft,
_c1979.
300 _a941 páginas ;
_c18 cm.
336 _atext
_2rdacontent
337 _aunmediated
_2rdamedia
338 _avolume
_2rdacarrier
505 0 _aVersión bíblica (septuaginta).
526 _aSEG42
526 _aSEG41
526 _aSEG40
526 _aSEG39
526 _aP94
526 _aP87
526 _aP86
526 _aP85
526 _aP77
526 _aP76
526 _aP35
650 0 4 _aVERSIONES BIBLICAS (SEPTUAGINTA).
910 _ajck
_bjvq
_cjck
942 _2ddc
_cBOOK
949 _a221.48 R17
_wDEWEY
_c1
_i26255
_lCCODEBUL1
_mBUL
_p00.00
_r0
_sY
_tBOOK
_u19951004
_xTEOLOGIA
_zUNKNOWN
_0COMPRA
_o.STAFF. Colección General
994 _aC0
_bPEPRU
596 _a1
999 _a221.48 R17
_wDEWEY
_c57182
_i26255
_d57182
_f2022-5-18
_g5
_lCCODEBUL1
_mBUL
_q3
_r0
_sY
_tBOOK
_u2015-6-16
_xTEOLOGIA
_zUNKNOWN
_0COMPRA
_o.STAFF. Colección General
980 _81
_gALBERTO SANCHEZ Responsable de Automatización